[Event "Bhubaneswar op-A 14th"]
[Site "Bhubaneswar"]
[Date "2023.06.15"]
[Round "6"]
[White "Kavinda, Akila"]
[Black "Chinmay, Kowshik"]
[Result "1-0"]
[WhiteElo "2039"]
[BlackElo "1604"]
[PlyCount "115"]
[EventDate "2023.06.11"]
[EventType "swiss"]
[EventRounds "10"]
[EventCountry "IND"]
[SourceTitle "CBM 214 Extra"]
[Source "ChessBase"]
[SourceDate "2023.07.31"]
[SourceVersion "1"]
[SourceVersionDate "2023.07.31"]
[SourceQuality "1"]

1. Nf3 Nf6 2. g3 g6 3. b3 Bg7 4. Bb2 0-0 5. Bg2 c6 6. 0-0 a5 7. c4 d5 8. Qc2 Na6 9. Be5 Nb4 10. Qb2 Bf5 11. a3 Na6 12. Nc3 Qd7 13. cxd5 cxd5 14. Na4 Rad8 15. Rac1 b5 16. Nc5 Nxc5 17. Rxc5 Ne4 18. Bxg7 Nxc5 19. Bxf8 Rxf8 20. Nd4 b4 21. axb4 axb4 22. Rc1 Rc8 23. Nxf5 Qxf5 24. Qc2 Qxc2 25. Rxc2 d4 26. Rc4 e5 27. f4 f6 28. fxe5 fxe5 29. Rxb4 Rc7 30. Rb8+ Kg7 31. b4 Nb3 32. d3 Rc2 33. Kf1 Rc1+ 34. Kf2 Rc2 35. b5 Nc1 36. Be4 Nxe2 37. b6 Nc3+ 38. Kf3 Nxe4 39. Kxe4 Rc5 40. Rb7+ Kh6 41. h4 Rb5 42. g4 g5 43. h5 Rb1 44. Rb8 Rb5 45. Kf5 Rc5 46. Re8 e4+ 47. Kxe4 Rb5 48. Re6+ Kg7 49. Rc6 Rb4 50. Kd5 Ra4 51. Kc5 Ra5+ 52. Kd6 Ra8 53. b7 Rd8+ 54. Kc7 Rf8 55. b8Q Rf7+ 56. Kb6 Re7 57. Qd6 Re8 58. Qd7+ 1-0

[Event "Bengaluru Karnataka op"]
[Site "Bengaluru"]
[Date "2023.05.30"]
[Round "9"]
[White "Chinmay, Kowshik"]
[Black "Sathvik, Adiga"]
[Result "1-0"]
[WhiteElo "1604"]
[BlackElo "1906"]
[PlyCount "147"]
[EventDate "2023.05.26"]
[EventType "swiss"]
[EventRounds "9"]
[EventCountry "IND"]
[SourceTitle "CBM 214 Extra"]
[Source "ChessBase"]
[SourceDate "2023.07.31"]
[SourceVersion "1"]
[SourceVersionDate "2023.07.31"]
[SourceQuality "1"]

1. e4 e6 2. d4 d5 3. exd5 exd5 4. c4 Nf6 5. Nc3 c6 6. Qb3 Bd6 7. cxd5 Nxd5 8. Nxd5 cxd5 9. Bb5+ Nc6 10. Bd2 0-0 11. Ne2 Re8 12. 0-0 Qh4 13. h3 a6 14. Bxc6 bxc6 15. Rae1 a5 16. Ng3 Be6 17. Qd3 g6 18. Rc1 Rec8 19. f4 f5 20. Ne2 Bd7 21. Kh1 Re8 22. Ng1 Re4 23. Nf3 Qg3 24. Rcd1 Rae8 25. Be1 Qxf4 26. Ne5 Rxd4 27. Rxf4 Rxd3 28. Nxd3 Bxf4 29. Nxf4 a4 30. Bc3 Rc8 31. Re1 Kf7 32. Nd3 Be6 33. Nc5 Re8 34. Bd4 h6 35. Nxa4 Ra8 36. Nc5 Bc8 37. a4 g5 38. Be5 g4 39. Bd6 Ra7 40. b4 gxh3 41. gxh3 f4 42. h4 f3 43. Re3 Bg4 44. Kg1 Ra8 45. Kf2 Rd8 46. Bc7 Rc8 47. Bf4 Ra8 48. a5 d4 49. Re4 Bh5 50. Nd3 Kf6 51. Rxd4 Rg8 52. Ne1 Rc8 53. Nxf3 Kf5 54. Bxh6 c5 55. Rc4 Kg6 56. Rxc5 Rb8 57. Bd2 Rh8 58. Bc3 Rh7 59. Rg5+ Kf7 60. a6 Bxf3 61. Kxf3 Rxh4 62. a7 Rh3+ 63. Ke2 Rh2+ 64. Kd3 Ra2 65. b5 Ke6 66. b6 Kd6 67. Ra5 Rxa5 68. Bxa5 Kc5 69. a8Q Kb5 70. b7 Kc5 71. Qa6 Kd5 72. b8R Ke5 73. Rf8 Kd5 74. Rf5# 1-0

[Event "Mumbai Wealth U13 op 5th"]
[Site "Mumbai"]
[Date "2020.01.07"]
[Round "9"]
[White "Chinmay, Kowshik"]
[Black "Aarav, Ajit Dharmik"]
[Result "1/2-1/2"]
[WhiteElo "1386"]
[BlackElo "1139"]
[PlyCount "43"]
[EventDate "2019.12.30"]
[EventType "swiss"]
[EventRounds "9"]
[EventCountry "IND"]
[SourceTitle "CBM 194 Extra"]
[Source "ChessBase"]
[SourceDate "2020.03.31"]
[SourceVersion "1"]
[SourceVersionDate "2020.03.31"]
[SourceQuality "1"]

1. e4 c5 2. Nc3 Nc6 3. f4 d6 4. Nf3 Bg4 5. Bc4 Nf6 6. 0-0 e6 7. Bb5 Be7 8. e5 dxe5 9. fxe5 Nd5 10. Bxc6+ bxc6 11. d3 0-0 12. Qe1 Rb8 13. Ne4 Bxf3 14. Rxf3 Nb4 15. Qf2 Qd4 16. c3 Qxf2+ 17. Kxf2 Nc2 18. Rb1 Na3 19. Ra1 Nc2 20. Rb1 Na3 21. Ra1 Nc2 22. Rb1 1/2-1/2

[Event "Mumbai Wealth U13 op 5th"]
[Site "Mumbai"]
[Date "2019.12.31"]
[Round "2"]
[White "Laddha, Yash Jayesh"]
[Black "Chinmay, Kowshik"]
[Result "1-0"]
[WhiteElo "1981"]
[BlackElo "1386"]
[PlyCount "142"]
[EventDate "2019.12.30"]
[EventType "swiss"]
[EventRounds "9"]
[EventCountry "IND"]
[SourceTitle "CBM 194 Extra"]
[Source "ChessBase"]
[SourceDate "2020.03.31"]
[SourceVersion "1"]
[SourceVersionDate "2020.03.31"]
[SourceQuality "1"]

1. Nf3 Nf6 2. g3 g6 3. Bg2 Bg7 4. 0-0 d6 5. d3 0-0 6. e4 Nc6 7. c3 e5 8. Nbd2 d5 9. Qe2 Re8 10. Re1 b6 11. Nf1 h6 12. Rb1 a5 13. c4 d4 14. h3 Ba6 15. N3h2 Nd7 16. h4 Nc5 17. Qf3 Rf8 18. Ng4 Kh7 19. b3 Bb7 20. Qe2 Nb4 21. f4 f6 22. Nf2 c6 23. Qg4 a4 24. Ba3 Nc2 25. Bxc5 bxc5 26. Rec1 Nb4 27. bxa4 Nxa2 28. Rc2 Rxa4 29. Ra1 Qa8 30. f5 g5 31. Qh5 Nc3 32. Rac1 Qe8 33. Qf3 Ra2 34. hxg5 hxg5 35. Ng4 Rh8 36. Nd2 Kg8 37. Nb3 Qe7 38. Rxa2 Nxa2 39. Ra1 Nb4 40. Ra7 Na6 41. Na5 Qc7 42. Nxb7 Qb6 43. Ra8+ Kf7 44. Nd6+ Ke7 45. Rxh8 Qb1+ 46. Qf1 Qxf1+ 47. Bxf1 Bxh8 48. Nc8+ Kd7 49. Nb6+ Kd6 50. Kf2 Nb8 51. Ke2 Kc7 52. Na4 Nd7 53. Kd2 Bg7 54. Be2 Kb7 55. Nf2 Bf8 56. Kc2 Nb6 57. Nxb6 Kxb6 58. Kb3 Ka6 59. Ka4 Kb6 60. Bh5 Ka6 61. Be8 Kb6 62. Ng4 Be7 63. Nh6 Bd8 64. Ng8 Kb7 65. Nh6 Kb6 66. Ng4 Kb7 67. Nh2 Kb6 68. Nf3 Bc7 69. Nd2 Ka6 70. Nb3 Bd6 71. Bd7 Kb6 1-0